Statystyki dla Jedyne państwo europejskie ....

Kliknij tutaj aby rozwiązać quiz!

Ogólne statystyki

  • Ten quiz został rozwiązany 17 768 razy
  • Średni wynik to 11 z 20

Statystyki odpowiedzi

Jedyny kraj, który ...Kraj% Poprawnych
głosował za opuszczeniem UEWielka Brytania
95%
zaczyna się literą EEstonia
95%
ma ponad 100 milionów ludziRosja
93%
używa złotego jako swojej walutyPolska
89%
rozpoczyna się od litery UUkraina
75%
ma terytorium na kontynencie afrykańskimHiszpania
73%
ma drogi bez ograniczeń prędkościNiemcy
67%
jest całkowicie otoczony przez
Morze Śródziemne
Malta
64%
rozpoczyna się literą KKosowo
64%
graniczy z Morzem Śródziemnym
i Morzem Północnym
Francja
61%
ma karę śmierciBiałoruś
54%
nie ma komarówIslandia
52%
ma pomarańczowy pasek na swojej fladzeIrlandia
40%
jest monarchią absolutnąWatykan
35%
ma jednego miliardera na 10 000 obywateliMonako
34%
ma siedmioosobową radę jako
głowę państwa
Szwajcaria
28%
pobiera 40% mocy z wiatruDania
25%
ma średnią wysokość powyżej 1500 mAndora
23%
jest podwójnie zamkniętyLiechtenstein
20%
ma bilionowy dolarowy fundusz majątkowyNorwegia
18%

Rozkład punktacji

Percentyl według liczby udzielonych odpowiedzi

Procent ludzi z każdym wynikiem

Twoja historia wyników

Nie rozwiązałeś tego quizu